[Event "GRE-chT Online ED & SA 2nd"]
[Site "Tornelo INT"]
[Date "2022.05.14"]
[Round "2"]
[White "Nikomanis, Andreas"]
[Black "Ballas, Kleon Evangelos"]
[Result "1-0"]
[WhiteElo "2043"]
[BlackElo "1876"]
[PlyCount "99"]
[EventDate "2022.05.14"]
[EventType "team-swiss (rapid)"]
[EventRounds "7"]
[EventCountry "GRE"]
[SourceTitle "EXT 2024"]
[Source "ChessBase"]
[SourceDate "2023.10.10"]
[SourceVersion "1"]
[SourceVersionDate "2023.10.10"]
[SourceQuality "1"]

1. e4 c6 2. d4 d5 3. Nd2 dxe4 4. Nxe4 Bf5 5. Ng3 Bg6 6. h4 h6 7. Nf3 Nd7 8. h5 Bh7 9. Bd3 Bxd3 10. Qxd3 e6 11. Bd2 Ngf6 12. 0-0-0 Be7 13. Kb1 0-0 14. Ne4 Nxe4 15. Qxe4 Nf6 16. Qe2 Qd5 17. Be3 Ng4 18. Bc1 Nf6 19. Ne5 Qe4 20. Be3 Nd5 21. Rhe1 Nxe3 22. Qxe3 Qxe3 23. Rxe3 Rfd8 24. Red3 f6 25. Ng6 Bd6 26. f4 Rd7 27. c3 Rad8 28. Kc2 Bc7 29. Re3 Rd5 30. Ne7+ Kf7 31. Nxd5 Rxd5 32. g3 Rxh5 33. Rde1 e5 34. fxe5 fxe5 35. dxe5 Ke6 36. Kd3 Bxe5 37. g4 Rg5 38. Re4 h5 39. gxh5 Rxh5 40. R1e2 Kd6 41. a4 a6 42. a5 Bf6 43. b4 Rd5+ 44. Kc4 Rh5 45. Re6+ Kd7 46. R6e3 Rh4+ 47. Kb3 Rh5 48. Rd2+ Kc7 49. Red3 Rc5 50. bxc5 1-0

[Event "NATO-ch 31st"]
[Site "Blankenberge"]
[Date "2021.10.11"]
[Round "1.30"]
[White "Nikomanis, Andreas"]
[Black "Smit, Jan"]
[Result "1-0"]
[WhiteElo "2047"]
[BlackElo "1752"]
[PlyCount "75"]
[EventDate "2021.10.11"]
[EventType "team-swiss"]
[EventRounds "7"]
[EventCountry "BEL"]
[SourceTitle "CBM 204 Extra"]
[Source "ChessBase"]
[SourceDate "2021.11.30"]
[SourceVersion "1"]
[SourceVersionDate "2021.11.30"]
[SourceQuality "1"]
[WhiteTeam "Greece"]
[BlackTeam "Netherlands"]
[WhiteTeamCountry "GRE"]
[BlackTeamCountry "NED"]

1. e4 d6 2. d4 g6 3. Nc3 Bg7 4. f4 c6 5. Nf3 Nf6 6. Bc4 0-0 7. Bb3 e6 8. e5 Ne8 9. Be3 d5 10. h4 f5 11. h5 gxh5 12. Ng5 h6 13. Nh3 Qe7 14. Qxh5 Nc7 15. 0-0-0 Bd7 16. Nf2 Be8 17. Qf3 h5 18. Ne2 Bg6 19. Nh3 Bh6 20. Bf2 Kf7 21. Ng3 Rh8 22. Nxh5 Bg7 23. Nxg7 Kxg7 24. g4 Nd7 25. gxf5 Bxf5 26. Rdg1+ Kf8 27. Ng5 Rxh1 28. Qxh1 Ke8 29. Qh5+ Kd8 30. Nf7+ Kc8 31. Rg8+ Nf8 32. Bh4 Bg6 33. Bxe7 Bxh5 34. Nd6+ Kd7 35. Bxf8 b6 36. Rg7+ Kd8 37. Be7+ Kd7 38. Bg5+ 1-0

[Event "Athens Stamatopoulos Memorial 2nd"]
[Site "Athens"]
[Date "2019.12.18"]
[Round "7"]
[White "Ignatiadis, Konstantinos"]
[Black "Nikomanis, Andreas"]
[Result "1/2-1/2"]
[WhiteElo "1941"]
[BlackElo "2048"]
[PlyCount "49"]
[EventDate "2019.11.06"]
[EventType "swiss"]
[EventRounds "7"]
[EventCountry "GRE"]
[SourceTitle "EXT 2024"]
[Source "ChessBase"]
[SourceDate "2023.10.10"]
[SourceVersion "1"]
[SourceVersionDate "2023.10.10"]
[SourceQuality "1"]

1. Nf3 Nf6 2. b3 g6 3. Bb2 Bg7 4. g3 0-0 5. Bg2 c5 6. c4 Nc6 7. 0-0 d6 8. d4 cxd4 9. Nxd4 Bd7 10. Nc3 a6 11. Rc1 Rb8 12. Nd5 Nxd5 13. cxd5 Nxd4 14. Bxd4 Qa5 15. Bxg7 Kxg7 16. Qd4+ f6 17. a4 Rfc8 18. Qe3 Kf7 19. h4 Rxc1 20. Rxc1 Rc8 21. Rxc8 Bxc8 22. Qh6 Kg8 23. Qe3 Kf7 24. Qh6 Kg8 25. Qe3 1/2-1/2

[Event "Athens Stamatopoulos Memorial 2nd"]
[Site "Athens"]
[Date "2019.11.20"]
[Round "3"]
[White "Delithanasis, Dimitrios"]
[Black "Nikomanis, Andreas"]
[Result "1/2-1/2"]
[WhiteElo "1938"]
[BlackElo "2048"]
[PlyCount "68"]
[EventDate "2019.11.06"]
[EventType "swiss"]
[EventRounds "7"]
[EventCountry "GRE"]
[SourceTitle "EXT 2024"]
[Source "ChessBase"]
[SourceDate "2023.10.10"]
[SourceVersion "1"]
[SourceVersionDate "2023.10.10"]
[SourceQuality "1"]

1. c4 g6 2. d4 Bg7 3. e4 d6 4. Nc3 Nf6 5. f3 0-0 6. Be3 Nc6 7. Nge2 a6 8. Qd2 Rb8 9. Rc1 Bd7 10. g3 e6 11. Nd1 Re8 12. Bg2 b5 13. c5 dxc5 14. Rxc5 Bf8 15. Rc1 Bb4 16. Ndc3 e5 17. d5 Na5 18. b3 c5 19. dxc6 Nxc6 20. 0-0 Re6 21. Rcd1 Rd6 22. Qb2 Be6 23. Rxd6 Qxd6 24. Rd1 Qf8 25. Nd5 Bxd5 26. exd5 Bc5 27. Qc1 Bxe3+ 28. Qxe3 Rd8 29. Nc3 Nb4 30. Qxe5 Nbxd5 31. Nxd5 Qc5+ 32. Qe3 Rxd5 33. Qxc5 Rxc5 34. b4 Rd5 1/2-1/2

[Event "Athens Stamatopoulos Memorial 2nd"]
[Site "Athens"]
[Date "2019.11.13"]
[Round "2"]
[White "Nikomanis, Andreas"]
[Black "Makkas, Panayiotis"]
[Result "1-0"]
[WhiteElo "2048"]
[BlackElo "1701"]
[PlyCount "57"]
[EventDate "2019.11.06"]
[EventType "swiss"]
[EventRounds "7"]
[EventCountry "GRE"]
[SourceTitle "EXT 2024"]
[Source "ChessBase"]
[SourceDate "2023.10.10"]
[SourceVersion "1"]
[SourceVersionDate "2023.10.10"]
[SourceQuality "1"]

1. e4 b6 2. d4 Bb7 3. Bd3 e6 4. Nf3 Be7 5. 0-0 Nf6 6. Qe2 d5 7. e5 Nfd7 8. Nbd2 c5 9. c3 cxd4 10. cxd4 a5 11. Ne1 Ba6 12. Qg4 g6 13. Ndf3 Bxd3 14. Nxd3 Nc6 15. Bh6 Nf8 16. Rfc1 Rc8 17. Qf4 Nd7 18. Rc3 Nb4 19. Nxb4 axb4 20. Ng5 Bxg5 21. Bxg5 f6 22. Rxc8 Qxc8 23. exf6 0-0 24. Rc1 Qa6 25. Qd6 Rf7 26. Qxe6 Qb7 27. h4 Nf8 28. Rc8 Qd7 29. Qxd7 1-0

[Event "Athens Stamatopoulos Memorial 2nd"]
[Site "Athens"]
[Date "2019.11.06"]
[Round "1"]
[White "Lupu, Nikolaos"]
[Black "Nikomanis, Andreas"]
[Result "0-1"]
[WhiteElo "1360"]
[BlackElo "2048"]
[PlyCount "42"]
[EventDate "2019.11.06"]
[EventType "swiss"]
[EventRounds "7"]
[EventCountry "GRE"]
[SourceTitle "EXT 2024"]
[Source "ChessBase"]
[SourceDate "2023.10.10"]
[SourceVersion "1"]
[SourceVersionDate "2023.10.10"]
[SourceQuality "1"]

1. e4 c5 2. Nf3 d6 3. d4 cxd4 4. Nxd4 Nf6 5. Nc3 g6 6. Be3 a6 7. Qd2 Ng4 8. Nb3 Nxe3 9. Qxe3 Bg7 10. Bd3 Nd7 11. f4 0-0 12. 0-0 b5 13. Rfe1 Bb7 14. f5 Rc8 15. fxg6 hxg6 16. Nd1 Ne5 17. c3 Qc7 18. Nd4 Qc5 19. h3 Nxd3 20. Qxd3 e5 21. b4 Qb6 0-1

[Event "NATO-ch 30th"]
[Site "Berlin"]
[Date "2019.09.16"]
[Round "1.34"]
[White "Nikomanis, Andreas"]
[Black "Ivsek, Cveto"]
[Result "1/2-1/2"]
[WhiteElo "2053"]
[BlackElo "1755"]
[PlyCount "80"]
[EventDate "2019.09.14"]
[EventType "team-swiss"]
[EventRounds "7"]
[EventCountry "GER"]
[SourceTitle "EXT 2020"]
[Source "ChessBase"]
[SourceDate "2019.10.17"]
[SourceVersion "1"]
[SourceVersionDate "2019.10.17"]
[SourceQuality "1"]
[WhiteTeam "Greece"]
[BlackTeam "Slovenia"]
[WhiteTeamCountry "GRE"]
[BlackTeamCountry "SLO"]

1. e4 c5 2. Nf3 Nc6 3. Nc3 e6 4. d4 cxd4 5. Nxd4 a6 6. Nxc6 bxc6 7. Bd3 d5 8. 0-0 Bc5 9. Qg4 Kf8 10. e5 Ne7 11. Na4 Ba7 12. b3 Ng6 13. Ba3+ Kg8 14. Qg3 Qh4 15. Rfe1 Qxg3 16. hxg3 f5 17. Rad1 Kf7 18. Bc5 Bxc5 19. Nxc5 a5 20. f4 Ke7 21. Be2 Nf8 22. c4 Nd7 23. Na4 Ba6 24. cxd5 cxd5 25. Bxa6 Rxa6 26. Rc1 Raa8 27. Rc7 Rhc8 28. Rec1 Kd8 29. Rxc8+ Rxc8 30. Rxc8+ Kxc8 31. Kf2 Kc7 32. Ke3 Kc6 33. Kd4 h6 34. a3 g6 35. Kd3 Nc5+ 36. Nxc5 Kxc5 37. Kc3 g5 38. Kd3 d4 39. Kd2 Kb5 40. Kd3 Kc5 1/2-1/2

[Event "NATO-ch 29th"]
[Site "Lubbock"]
[Date "2018.06.05"]
[Round "2"]
[White "Bobula, Mateusz"]
[Black "Nikomanis, Andreas"]
[Result "1-0"]
[WhiteElo "2347"]
[BlackElo "2045"]
[PlyCount "77"]
[EventDate "2018.06.04"]
[EventType "swiss"]
[EventRounds "7"]
[EventCountry "USA"]
[SourceTitle "EXT 2019"]
[Source "ChessBase"]
[SourceDate "2018.10.10"]
[SourceVersion "1"]
[SourceVersionDate "2018.10.10"]
[SourceQuality "1"]

1. d4 Nf6 2. c4 g6 3. Nf3 Bg7 4. g3 0-0 5. Bg2 d6 6. 0-0 Nbd7 7. Nc3 e5 8. e4 c6 9. h3 Qb6 10. Re1 exd4 11. Nxd4 Re8 12. Na4 Qa5 13. Bd2 Qd8 14. Qc2 Nc5 15. Bc3 Be6 16. Rad1 Qc7 17. Nxc5 dxc5 18. Nxe6 Rxe6 19. f4 Ree8 20. e5 Nh5 21. Qf2 Bf8 22. g4 Ng7 23. f5 Rad8 24. Rc1 Rd3 25. Bf1 Rdd8 26. Re4 Qc8 27. Rf4 Qc7 28. Re1 a6 29. a4 b6 30. Rf3 Qb7 31. e6 gxf5 32. gxf5 fxe6 33. Bxg7 Kxg7 34. fxe6 Be7 35. Rf7+ Kh8 36. Qf5 Rg8+ 37. Kh1 Rg6 38. Bd3 Rdg8 39. Rxh7+ 1-0

[Event "Kavala op 24th"]
[Site "Kavala"]
[Date "2015.08.04"]
[Round "1"]
[White "Rychagov, Andrey"]
[Black "Nikomanis, Andreas"]
[Result "1-0"]
[WhiteElo "2552"]
[BlackElo "2062"]
[PlyCount "79"]
[EventDate "2015.08.04"]
[EventType "swiss"]
[EventRounds "9"]
[EventCountry "GRE"]
[SourceTitle "CBM 167 Extra"]
[Source "ChessBase"]
[SourceDate "2015.09.14"]
[SourceVersion "1"]
[SourceVersionDate "2015.09.14"]
[SourceQuality "1"]

1. d4 Nf6 2. c4 g6 3. Nc3 Bg7 4. e4 d6 5. Be2 0-0 6. Nf3 e5 7. 0-0 Nbd7 8. Re1 c6 9. Rb1 exd4 10. Nxd4 Re8 11. Bf1 Nc5 12. f3 a6 13. Be3 Qe7 14. Qd2 Bd7 15. Nc2 b5 16. Bxc5 dxc5 17. e5 Nh5 18. g4 Rad8 19. gxh5 Bf5 20. Qg2 Qh4 21. Rbd1 Rxd1 22. Rxd1 Bxe5 23. Kh1 Qxh5 24. Re1 Qh4 25. Ne4 Rd8 26. b3 Bf4 27. Kg1 Kg7 28. Qf2 Qh6 29. Ne3 Bxe4 30. fxe4 Rd4 31. Kh1 Qg5 32. Bg2 h5 33. Rf1 Be5 34. Qxf7+ Kh6 35. Qe6 Kh7 36. Rf7+ Bg7 37. Qe7 Qh6 38. e5 Rd3 39. Nf1 Rd1 40. e6 1-0

[Event "Athens Herakleiou op 18th"]
[Site "Athens"]
[Date "2015.06.15"]
[Round "3.3"]
[White "Nikomanis, Andreas"]
[Black "Hamaletsos, Hristoforos"]
[Result "1/2-1/2"]
[WhiteElo "2067"]
[BlackElo "2154"]
[PlyCount "81"]
[EventDate "2015.06.13"]
[EventType "swiss"]
[EventRounds "9"]
[EventCountry "GRE"]
[SourceTitle "EXT 2024"]
[Source "ChessBase"]
[SourceDate "2023.10.10"]
[SourceVersion "1"]
[SourceVersionDate "2023.10.10"]
[SourceQuality "1"]

1. e4 c6 2. Nc3 d5 3. Nf3 dxe4 4. Nxe4 Bg4 5. h3 Bxf3 6. Qxf3 e6 7. c3 Nd7 8. d4 Ngf6 9. Bd3 Nxe4 10. Bxe4 Nf6 11. Bc2 Qd5 12. Bd1 Bd6 13. 0-0 0-0 14. Re1 Rfe8 15. Bd2 c5 16. Qxd5 Nxd5 17. dxc5 Bxc5 18. Bf3 Rad8 19. Rad1 f6 20. Bc1 Kf7 21. Rd3 b5 22. Red1 Bb6 23. g3 a5 24. Kf1 Ne7 25. Rd6 Bc7 26. Rd7 Rxd7 27. Rxd7 Be5 28. Bc6 b4 29. c4 Rc8 30. Bb5 Rc7 31. Rxc7 Bxc7 32. Ke2 Nf5 33. Kd3 Bb6 34. g4 Nd4 35. Be3 e5 36. f4 Ke6 37. Ke4 g6 38. f5+ gxf5+ 39. gxf5+ Kd6 40. b3 Bc5 41. Bxd4 1/2-1/2

[Event "Belgrade Trophy 28th"]
[Site "Belgrade"]
[Date "2014.11.29"]
[Round "6"]
[White "Radosevic, Nenad"]
[Black "Nikomanis, Andreas"]
[Result "1/2-1/2"]
[WhiteElo "2203"]
[BlackElo "2046"]
[PlyCount "102"]
[EventDate "2014.11.24"]
[EventType "swiss"]
[EventRounds "9"]
[EventCountry "SRB"]
[SourceTitle "CBM 163 Extra"]
[Source "ChessBase"]
[SourceDate "2014.12.23"]
[SourceVersion "1"]
[SourceVersionDate "2014.12.23"]
[SourceQuality "1"]

1. d4 Nf6 2. Nf3 g6 3. c4 Bg7 4. Nc3 0-0 5. g3 d6 6. Bg2 c6 7. 0-0 Qa5 8. h3 Be6 9. Qd3 Qa6 10. b3 d5 11. Ne5 Nbd7 12. cxd5 Qxd3 13. Nxd3 Nxd5 14. Nxd5 Bxd5 15. Bb2 Bxg2 16. Kxg2 c5 17. Rac1 Rac8 18. d5 Bxb2 19. Nxb2 Nf6 20. Rfd1 Rfd8 21. Na4 Rxd5 22. Rxd5 Nxd5 23. Rxc5 Rxc5 24. Nxc5 b6 25. Nd3 Nc3 26. Kf3 Nxa2 27. Ke3 Nc3 28. Ne5 Nd1+ 29. Kf3 Kf8 30. Nc6 a5 31. e4 a4 32. bxa4 Nc3 33. a5 bxa5 34. Nxa5 e5 35. Nc6 f6 36. Ke3 Nd1+ 37. Kf3 h5 38. h4 Kf7 39. Ke2 Nc3+ 40. Kd3 Nd1 41. f4 exf4 42. gxf4 Nf2+ 43. Kd4 Nh3 44. Ke3 g5 45. hxg5 fxg5 46. f5 Nf4 47. e5 h4 48. Kf3 Nd5 49. Nd8+ Ke8 50. Ne6 Ne7 51. f6 Nc6 1/2-1/2

[Event "Petroupoli ASOP Dias op"]
[Site "Petroupoli"]
[Date "2014.03.26"]
[Round "5.8"]
[White "Nikomanis, Andreas"]
[Black "Karousos Theodorakis, Nikolaos"]
[Result "1-0"]
[WhiteElo "2028"]
[BlackElo "1760"]
[PlyCount "133"]
[EventDate "2014.02.26"]
[EventType "swiss"]
[EventRounds "7"]
[EventCountry "GRE"]
[SourceTitle "EXT 2024"]
[Source "ChessBase"]
[SourceDate "2023.10.10"]
[SourceVersion "1"]
[SourceVersionDate "2023.10.10"]
[SourceQuality "1"]

1. e4 c5 2. Nf3 d6 3. d4 cxd4 4. Nxd4 Nf6 5. Nc3 a6 6. Be2 e5 7. Nb3 Be7 8. Be3 Be6 9. 0-0 0-0 10. f4 exf4 11. Rxf4 Nc6 12. Nd5 Bxd5 13. exd5 Ne5 14. a4 Nfd7 15. Rb4 Qc7 16. a5 Bf6 17. Qd2 Rfe8 18. Rf1 Ng6 19. Rc4 Qd8 20. Nd4 Bxd4 21. Bxd4 Rc8 22. Rxc8 Qxc8 23. Bg4 Qc7 24. Qc3 Qxc3 25. Bxc3 Nge5 26. Be2 Nf6 27. Rd1 Neg4 28. Bf3 Ne3 29. Rd2 Nc4 30. Rd4 Ne3 31. Rb4 Nfxd5 32. Rxb7 Nxc3 33. bxc3 g6 34. Ra7 Re5 35. Rxa6 Nxc2 36. Ra8+ Kg7 37. a6 Ra5 38. Bb7 Na3 39. Rc8 Kf6 40. Kf2 Ke6 41. Ke3 d5 42. Re8+ Kd7 43. Rh8 h5 44. Kd3 Ke7 45. Rc8 Kd7 46. Rc6 Nc4 47. Kd4 Nd6 48. Rc5 Nf5+ 49. Kxd5 Ne3+ 50. Kd4 Nf5+ 51. Kc4 Nd6+ 52. Kb4 Ra1 53. Rd5 Kc7 54. Kc5 Ra5+ 55. Kd4 Ra4+ 56. Ke5 Re4+ 57. Kf6 Nxb7 58. axb7 Kxb7 59. Kxf7 Rg4 60. g3 Kc6 61. Rd4 Rg5 62. Kf6 Rc5 63. Kxg6 Rxc3 64. Kxh5 Rf3 65. Kg4 Rf8 66. h4 Kc5 67. Rd1 1-0

[Event "Athens Kaisariani op 1st"]
[Site "Athens"]
[Date "2013.12.23"]
[Round "4"]
[White "Ignatiadis, Konstantinos"]
[Black "Nikomanis, Andreas"]
[Result "1-0"]
[WhiteElo "2099"]
[BlackElo "2022"]
[PlyCount "73"]
[EventDate "2013.12.21"]
[EventType "swiss"]
[EventRounds "9"]
[EventCountry "GRE"]
[SourceTitle "EXT 2015"]
[Source "ChessBase"]
[SourceDate "2014.11.20"]
[SourceVersion "1"]
[SourceVersionDate "2014.11.20"]
[SourceQuality "1"]

1. d4 Nf6 2. Nf3 g6 3. Bg5 Bg7 4. Nbd2 0-0 5. c3 d5 6. e3 Nbd7 7. Be2 c5 8. 0-0 b6 9. Bh4 Bb7 10. b4 Re8 11. Bb5 a6 12. Ba4 Ne4 13. Nxe4 dxe4 14. Nd2 cxb4 15. cxb4 Rc8 16. Rc1 Bd5 17. Qe2 b5 18. Bb3 Nb6 19. Rc5 Qd7 20. Rfc1 e6 21. Bxd5 exd5 22. Nb3 Nc4 23. Bg3 Bf8 24. Rxc8 Rxc8 25. Nc5 Qc6 26. Bf4 Ra8 27. f3 a5 28. fxe4 dxe4 29. a4 Bxc5 30. axb5 Qxb5 31. bxc5 Nd6 32. Qc2 Nf5 33. c6 a4 34. c7 Ne7 35. Qxe4 Qe8 36. Bd6 Nd5 37. Qxe8+ 1-0

[Event "Paleros op 2nd"]
[Site "Paleros"]
[Date "2013.08.29"]
[Round "7"]
[White "Nikomanis, Andreas"]
[Black "Bousios, Hristos"]
[Result "1/2-1/2"]
[WhiteElo "2044"]
[BlackElo "2211"]
[PlyCount "27"]
[EventDate "2013.08.24"]
[EventType "swiss"]
[EventRounds "9"]
[EventCountry "GRE"]
[SourceTitle "CBM 156 Extra"]
[Source "ChessBase"]
[SourceDate "2013.10.22"]
[SourceVersion "1"]
[SourceVersionDate "2013.10.22"]
[SourceQuality "1"]

1. e4 c5 2. Nf3 Nc6 3. d4 cxd4 4. Nxd4 Nf6 5. Nc3 e6 6. Be2 Bb4 7. 0-0 0-0 8. Bg5 h6 9. Bh4 g5 10. Bg3 Bxc3 11. bxc3 Nxe4 12. Bd3 Nxg3 13. fxg3 Nxd4 14. cxd4 1/2-1/2

[Event "Heraklio op 16th"]
[Site "Athens"]
[Date "2013.06.21"]
[Round "6"]
[White "Gogolis, Alexandros"]
[Black "Nikomanis, Andreas"]
[Result "1-0"]
[WhiteElo "2264"]
[BlackElo "2064"]
[PlyCount "103"]
[EventDate "2013.06.16"]
[EventType "swiss"]
[EventRounds "9"]
[EventCountry "GRE"]
[SourceTitle "CBM 155 Extra"]
[Source "ChessBase"]
[SourceDate "2013.08.26"]
[SourceVersion "1"]
[SourceVersionDate "2013.08.26"]
[SourceQuality "1"]

1. d4 g6 2. Nf3 Nf6 3. Bg5 Bg7 4. Nbd2 0-0 5. c3 d6 6. e4 c5 7. dxc5 dxc5 8. Qc2 Nc6 9. Be2 Qc7 10. 0-0 h6 11. Bh4 Nh5 12. Rfe1 Rd8 13. a4 Na5 14. Nc4 Nxc4 15. Bxc4 g5 16. Bxg5 hxg5 17. Nxg5 e6 18. e5 Nf4 19. Qh7+ Kf8 20. Re4 Qe7 21. h4 Ng6 22. Rae1 b5 23. axb5 Bb7 24. Rg4 Bd5 25. Bxd5 Rxd5 26. h5 Rxe5 27. Rxe5 Nxe5 28. h6 Bf6 29. Nxe6+ Qxe6 30. Rg8+ Ke7 31. Rxa8 Qg4 32. Rxa7+ Kf8 33. Qc2 Nf3+ 34. Kf1 Nh2+ 35. Ke1 Qxg2 36. Qf5 Nf3+ 37. Ke2 Ng1+ 38. Kd1 Qf1+ 39. Kc2 Qe2+ 40. Kb1 Qd1+ 41. Ka2 Qd8 42. Qe4 Qd1 43. Ra8+ Bd8 44. b6 Ne2 45. Qxe2 Qxe2 46. b7 Qc4+ 47. Ka3 Qf1 48. Rxd8+ Ke7 49. b8Q Qa6+ 50. Kb3 c4+ 51. Kb4 Qb6+ 52. Qxb6 1-0

[Event "St Petersburg Botvinnik Memorial op"]
[Site "St Petersburg"]
[Date "2012.08.30"]
[Round "6"]
[White "Nikomanis, Andreas"]
[Black "Bezulenko, Evgeny"]
[Result "1-0"]
[WhiteElo "2049"]
[BlackElo "1915"]
[PlyCount "65"]
[EventDate "2012.08.25"]
[EventType "swiss"]
[EventRounds "9"]
[EventCountry "RUS"]
[SourceTitle "CBM 150 Extra"]
[Source "ChessBase"]
[SourceDate "2012.10.19"]
[SourceVersion "1"]
[SourceVersionDate "2012.10.19"]
[SourceQuality "1"]

1. e4 e6 2. d4 d5 3. exd5 exd5 4. c4 Bb4+ 5. Nc3 Qe7+ 6. Be3 Nf6 7. Be2 0-0 8. Nf3 Ng4 9. Bg5 f6 10. Bf4 Re8 11. h3 Nh6 12. Bxh6 gxh6 13. Kf1 Bxc3 14. bxc3 Be6 15. cxd5 Bxd5 16. Qd2 Nd7 17. h4 Rad8 18. Re1 Kh8 19. Bd3 Qf7 20. Rxe8+ Rxe8 21. Rh3 Bxa2 22. Bf5 Be6 23. Bxe6 Qxe6 24. Qxh6 Qf5 25. Kg1 Rg8 26. Rg3 Rxg3 27. fxg3 a5 28. Qe3 Kg8 29. Qe7 c6 30. h5 h6 31. Nh4 Qd5 32. g4 a4 33. Nf5 1-0

[Event "Athens op 03-A"]
[Site "Athens"]
[Date "2012.04.03"]
[Round "5"]
[White "Nikomanis, Andreas"]
[Black "Anairousis, Panagiotis"]
[Result "0-1"]
[WhiteElo "2019"]
[BlackElo "1933"]
[PlyCount "208"]
[EventDate "2012.03.06"]
[EventType "swiss"]
[EventRounds "7"]
[EventCountry "GRE"]
[SourceTitle "EXT 2014"]
[Source "ChessBase"]
[SourceDate "2013.11.20"]
[SourceVersion "1"]
[SourceVersionDate "2013.11.20"]
[SourceQuality "1"]

1. e4 e5 2. Nf3 Nc6 3. Bc4 Bc5 4. d3 d6 5. c3 Bg4 6. h3 Bh5 7. Nbd2 Nge7 8. 0-0 0-0 9. Nb3 Bb6 10. Be3 Kh8 11. a4 f5 12. Nbd2 d5 13. exd5 Nxd5 14. Bxb6 axb6 15. Qe1 Qd6 16. Bb5 Bxf3 17. Nxf3 Rae8 18. Rd1 Nf4 19. Qe3 Qg6 20. Nh4 Qg5 21. g3 Nxh3+ 22. Kh2 f4 23. Qe2 Qh6 24. Kxh3 g5 25. Qg4 Rg8 26. Rde1 gxh4 27. Qxh4 Qe6+ 28. Kg2 Rg4 29. Qh5 fxg3 30. f3 Rg6 31. Rh1 Re7 32. d4 Reg7 33. Bd3 Rg5 34. Qh4 Qb3 35. Bxh7 Qxb2+ 36. Bc2+ Kg8 37. Re2 Qxc3 38. Bh7+ Kf7 39. Qh3 Ke7 40. Qh4 Kf7 41. dxe5 Nd4 42. Qf4+ Ke8 43. Rd2 Qxf3+ 44. Qxf3 Nxf3 45. Kxf3 g2 46. Rg1 Rxh7 47. Rgxg2 Rxe5 48. Rg8+ Ke7 49. Rb8 Rf7+ 50. Kg3 Rg5+ 51. Kh4 Ra5 52. Rd4 Ra7 53. Rbd8 Kf6 54. Kg4 Kg7 55. R8d5 Ra5 56. Rd7 Rc5 57. Rd8 b5 58. axb5 Rxb5 59. Rc8 Rbf5 60. Rc4 c6 61. Rb8 Rb5 62. Rc8 Rd7 63. Kf4 Rdd5 64. Ke4 Re5+ 65. Kf4 Kf7 66. Rd4 Rf5+ 67. Kg4 Rfd5 68. Re4 Re5 69. Rc7+ Ke6 70. Rd4 Red5 71. Rc4 Kd6 72. Rh7 c5 73. Rh6+ Kc7 74. Kf3 Rd6 75. Rh7+ Kc6 76. Rh5 b6 77. Ke3 Rb3+ 78. Ke2 Kb5 79. Rc2 Rd4 80. Rh6 Rdb4 81. Kd1 Rb1+ 82. Kd2 R1b2 83. Rxb2 Rxb2+ 84. Kc3 Rg2 85. Rh3 Rg4 86. Kb3 Ka5 87. Rh8 Kb5 88. Rh3 Rg5 89. Rf3 c4+ 90. Kc3 Kc5 91. Rf8 Rg3+ 92. Kc2 Kb4 93. Rf2 b5 94. Rh2 Ra3 95. Kb2 c3+ 96. Kb1 Kc4 97. Rh4+ Kb3 98. Rh2 c2+ 99. Rxc2 Ra1+ 100. Kxa1 Kxc2 101. Ka2 b4 102. Ka1 Kb3 103. Kb1 Ka3 104. Kc1 Ka2 0-1

[Event "Aegean op 34th"]
[Site "Aghios Kirykos"]
[Date "2011.07.15"]
[Round "8"]
[White "Thakoerdien, Jerrel"]
[Black "Nikomanis, Andreas"]
[Result "0-1"]
[WhiteElo "2118"]
[BlackElo "1980"]
[PlyCount "40"]
[EventDate "2011.07.09"]
[EventType "swiss"]
[EventRounds "9"]
[EventCountry "GRE"]
[SourceTitle "CBM 143 Extra"]
[Source "ChessBase"]
[SourceDate "2011.08.29"]
[SourceVersion "1"]
[SourceVersionDate "2011.08.29"]
[SourceQuality "1"]

1. d4 Nf6 2. Nf3 g6 3. c4 Bg7 4. Nc3 0-0 5. g3 d6 6. Bg2 c6 7. 0-0 Qa5 8. Qc2 Qh5 9. Rd1 Bh3 10. Bh1 Ng4 11. e3 Nd7 12. b3 h6 13. Ne2 g5 14. e4 f5 15. exf5 Rf7 16. Qe4 Raf8 17. Rd3 Nxf2 18. Kxf2 Bxf5 19. Qe3 Bxd3 20. Qxd3 Qxh2+ 0-1